Missing Word: 'I' in Every Category Quiz Stats

 Plays Quiz Updated Sep 24, 2016

Challenge
Share
Tweet
Embed
Score 0/15 Timer 02:00
9 Plays Today
Hint Missing Word % Correct
Gilligan's _____Island
95.6%
Sir _____ NewtonIsaac
95.5%
Massachusetts _____ of Technology (MIT)Institute
94.7%
The Man in the _____ MaskIron
93.5%
Add Insult to _____Injury
92.7%
_____ of MarchIdes
90.5%
_____ 500Indianapolis
90.5%
Luck of the _____ - (Sporcle Badge)Irish
88.1%
Hint Missing Word % Correct
The _____ & Scratchy ShowItchy
86.3%
Presumed _____Innocent
80.6%
_____ Women's DayInternational
74.3%
_____ GandhiIndira
73.2%
Space _____Invaders
65.3%
_____ DragonsImagine
61.1%
_____ of PanamaIsthmus
51.3%

Today's Daily Dose

You're not logged in!

Compare scores with friends on all Sporcle quizzes.
Join for Free
OR
Log In

You Might Also Like...

Show Comments

Extras

Top Quizzes Today


Score Distribution

Your Account Isn't Verified!

In order to create a playlist on Sporcle, you need to verify the email address you used during registration. Go to your Sporcle Settings to finish the process.

Report this User

Report this user for behavior that violates our Community Guidelines.

Details: